Top 100 des prénoms de garçons utilisés en 2024 - Statistiques

Statistiques générales
  • Ce quiz a été pris 2 418 fois
  • Le résultat moyen est 27 sur 100
Statistiques - réponses
Classement Prénom % Correct
3 Léo
77%
4 Louis
68%
14 Lucas
68%
7 Jules
62%
28 Théo
62%
1 Gabriel
61%
74 Noa
59%
23 Paul
58%
18 Hugo
55%
37 Mathis
55%
56 Enzo
53%
32 Tom
53%
26 Nathan
52%
68 Mathéo
51%
2 Raphaël
51%
9 Arthur
48%
48 Antoine
46%
72 Maé
44%
85 Alexandre
42%
17 Mohamed
39%
20 Noé
38%
90 Clément
37%
16 Léon
37%
6 Noah
37%
45 Timéo
37%
34 Victor
37%
8 Adam
36%
24 Ethan
36%
12 Sacha
36%
44 Valentin
36%
5 Maël
35%
96 Baptiste
34%
79 Maxence
34%
58 Yanis
34%
46 Axel
33%
15 Gabin
33%
35 Martin
33%
84 Charles
32%
31 Elio
32%
11 Liam
32%
64 Simon
32%
49 Nolan
31%
61 Samuel
28%
70 Évan
26%
54 Rayan
25%
43 Robin
25%
30 Malo
24%
75 Charlie
23%
73 Charly
23%
39 Gaspard
23%
60 Camille
20%
36 Eliott
20%
69 Oscar
20%
22 Aaron
19%
13 Éden
19%
100 Lenny
19%
27 Marius
19%
19 Naël
19%
33 Nino
19%
95 Timothée
19%
81 Issa
18%
41 Milo
18%
42 Augustin
17%
21 Marceau
16%
94 Noam
16%
50 Tiago
15%
10 Isaac
14%
47 Léandre
14%
97 Lucien
14%
67 Pablo
13%
92 Roméo
13%
59 Soan
13%
82 Ali
12%
86 Joseph
12%
63 Andréa
11%
77 Basile
11%
52 Côme
11%
87 Auguste
10%
53 Kaïs
10%
99 Loan
10%
88 Marin
10%
91 Achille
9%
57 Ismaël
9%
38 Lyam
9%
66 Mahé
9%
62 Owen
9%
51 Sohan
9%
55 Amir
8%
25 Ayden
8%
29 Ibrahim
8%
65 Alessio
7%
98 Abel
6%
93 Ezio
6%
78 Livio
6%
71 Naïm
5%
76 Zayn
5%
83 Aylan
4%
40 Imran
4%
89 Anas
3%
80 Kayden
3%
Aucun quiz correspondant
Distribution des résultats
% des personnes avec chaque résultat
Percentile par nombre de réponses
Votre historique - résultats
Vous n’avez pas pris ce quiz